000 00539nam a2200133Ia 4500
008 220615s9999||||xx |||||||||||||| ||und||
020 _a9782890000000
245 4 _aThe Art and Science of Heroism and Heroic Leadership
546 _aEnglish[eng]
650 _aHeroes||heroism||Heroic leadership||heroism science||Transdisciplinary science
700 _aAllison, Scott T.||Beggan, James K.||Efthimiou, Olivia
856 _uhttps://www.frontiersin.org/research-topics/6789/the-art-and-science-of-heroism-and-heroic-leadership
942 _cEB
999 _c14037
_d14037